| 000 | 00654nam a2200217 4500 | ||
|---|---|---|---|
| 010 | _aB-221125 | ||
| 020 | _a1405415398 | ||
| 035 | _aB-221125 | ||
| 037 | _bCen Lib / Ret | ||
| 040 |
_aDPL _bEN |
||
| 082 |
_a613.03 _bENC |
||
| 245 |
_aEncyclopedia of family health & first aid / _cedited by Susan Lipscombe. [at. al] |
||
| 260 |
_aBath _bParragon _c2003 |
||
| 270 |
_a4 Queen Street _bBath |
||
| 300 |
_a510p _b27cm(Hb) |
||
| 650 | _aMedicine, Popular -- Encyclopedias. | ||
| 650 | _aHealth -- Encyclopedias. | ||
| 650 | _aFirst aid in illness and injury. | ||
| 700 | _aLipscombe, Susan | ||
| 942 |
_2ddc _cEN _h613.03 _mENC |
||
| 999 |
_c136580 _d136580 |
||